Library Banner

Balochistan : (Record no. 106321)

MARC details
000 -LEADER
fixed length control field 00647cam a2200205 i 4500
001 - CONTROL NUMBER
control field 19552442
005 - DATE AND TIME OF LATEST TRANSACTION
control field 20180728105721.0
008 - FIXED-LENGTH DATA ELEMENTS--GENERAL INFORMATION
fixed length control field 170314s2016 pk b 000 0 eng
020 ## - INTERNATIONAL STANDARD BOOK NUMBER
International Standard Book Number 9789694074344
040 ## - CATALOGING SOURCE
Transcribing agency PK-LaUMT
082 ## - DEWEY DECIMAL CLASSIFICATION NUMBER
Classification number 320.954915
Item number IHS-B
100 1# - MAIN ENTRY--PERSONAL NAME
Personal name Ihsan Qadir, Muhammad
245 10 - TITLE STATEMENT
Title Balochistan :
Remainder of title victim of greed or grievances? /
Statement of responsibility, etc Muhammad Ihsan Qadir
260 ## - PUBLICATION, DISTRIBUTION, ETC. (IMPRINT)
Place of publication, distribution, etc Karachi :
Name of publisher, distributor, etc Bahria University,
Date of publication, distribution, etc 2016
300 ## - PHYSICAL DESCRIPTION
Extent xvi, 288 p. :
Other physical details maps ;
Dimensions 22 cm
650 #0 - SUBJECT ADDED ENTRY--TOPICAL TERM
Topical term or geographic name as entry element Insurgency
Geographic subdivision Pakistan
-- Balochistān
General subdivision History.
650 #0 - SUBJECT ADDED ENTRY--TOPICAL TERM
Topical term or geographic name as entry element Nationalism
Geographic subdivision Pakistan
-- Balochistān
General subdivision History.
710 2# - ADDED ENTRY--CORPORATE NAME
Corporate name or jurisdiction name as entry element Bahria University.
942 ## - ADDED ENTRY ELEMENTS (KOHA)
Koha item type Books
Holdings
Withdrawn status Lost status Damaged status Home library Current library Date acquired Full call number Barcode Date last seen Price effective from Koha item type
      UMT Main Campus UMT Main Campus 2018-07-28 320.954915 IHS-B 123062 2023-11-14 2018-07-28 Books